| 000 | 01039cad a22001935a 4500 | ||
|---|---|---|---|
| 001 | L152177 | ||
| 008 | 110207s2011 xxk f 000 0 eng d | ||
| 035 | _a(Sirsi) u152177 | ||
| 041 | 0 | _aeng | |
| 110 | 2 |
_aUnited Kingdom _bDepartment for Communities and Local Government _94939 |
|
| 245 | 0 | 0 |
_aRegeneration to enable growth _bwhat Government is doing in support of community-led regeneration _h[electronic resource] |
| 260 |
_aLondon _bDCLG _c2011 |
||
| 520 | _aExplains a new approach for local authorities and residents to drive local regeneration with the introduction of a wide range of powers, incentives, freedoms and flexibilities. With tables that show the range of policies and funds that may be helpful in driving forward regeneration plans. | ||
| 590 | _aKA | ||
| 651 | 4 |
_aEngland and Wales _y1543- |
|
| 690 | _aENVIRONMENT AND LAND CONSULTANCY-PLANNING AND DEVELOPMENT | ||
| 856 | 4 | 0 |
_uhttps://www.communities.gov.uk/documents/regeneration/pdf/1830137.pdf _zView the item free of charge at www.communities.gov.uk |
| 942 | _n0 | ||
| 999 |
_c111907 _d111907 |
||